000 00402nam a2200169Ia 4500
008 230524s9999 xx 000 0 und d
020 _a8176563587
082 _a4.133
_bKAN
100 _aYashavant Kanetkar
245 0 _aUnderstanding Pointers in C
250 _a1ST
260 _aNEW DELHI
_bBPB
_c2002
300 _aXI;501
500 _aQuantity Number: 12
650 _aComp-Sc
942 _cBK
999 _c26149
_d26149